[Event "5th Budapest Open"]
[Site "Budapest"]
[Date "2015.08.18"]
[Round "4.15"]
[White "Zsatkovics, Endre"]
[Black "Karacsonyi, Gellert"]
[Result "0-1"]
[WhiteElo "1748"]
[BlackElo "2013"]
[PlyCount "80"]
[EventDate "2014.08.15"]
[EventType "swiss"]
[EventRounds "9"]
[EventCountry "HUN"]

1. e4 c5 2. Nf3 e6 3. d4 cxd4 4. Nxd4 Nf6 5. Bd3 Nc6 6. Nxc6 dxc6 7. Bf4 Qb6 8.
Nd2 Qxb2 9. O-O Be7 10. Nc4 Qd4 11. Qe2 b5 12. Ne5 Bb7 13. Bxb5 Rc8 14. Bd3 O-O
15. Rab1 Ba8 16. Rfd1 Qc5 17. Nf3 Qa5 18. Be5 Nd7 19. Bf4 Nc5 20. Bd2 Qc7 21.
Bc4 e5 22. Bb4 a5 23. Bc3 Bf6 24. Qe1 a4 25. Bb4 Be7 26. Qe3 Nb7 27. Bxe7 Qxe7
28. Ba6 Rcd8 29. Qb6 Nc5 30. Qb4 Qa7 31. Rxd8 Rxd8 32. Be2 f6 33. Qc4+ Kh8 34.
c3 Bb7 35. Qf7 Nxe4 36. Qxb7 Qxf2+ 37. Kh1 Qxe2 38. Qb6 Rd1+ 39. Rxd1 Qxd1+ 40.
Ng1 h6 0-1

[Event "5th Budapest Open"]
[Site "Budapest"]
[Date "2015.08.18"]
[Round "4.16"]
[White "Kozma, Gabor"]
[Black "Rabovszky, Gyorgy"]
[Result "1-0"]
[WhiteElo "2008"]
[BlackElo "1886"]
[PlyCount "27"]
[EventDate "2014.08.15"]
[EventType "swiss"]
[EventRounds "9"]
[EventCountry "HUN"]

1. e4 c5 2. Nf3 Nc6 3. d4 cxd4 4. Nxd4 e5 5. Nb5 a6 6. Nd6+ Bxd6 7. Qxd6 Qf6 8.
Qa3 Nge7 9. Nc3 Qg6 10. Be3 O-O 11. O-O-O f5 12. exf5 Nxf5 13. Bc4+ Kh8 14.
Qxf8# 1-0

[Event "5th Budapest Open"]
[Site "Budapest"]
[Date "2015.08.18"]
[Round "4.18"]
[White "Bodrogi, Laszlo"]
[Black "Geher, Laszlo"]
[Result "0-1"]
[WhiteElo "1985"]
[BlackElo "1851"]
[PlyCount "116"]
[EventDate "2014.08.15"]
[EventType "swiss"]
[EventRounds "9"]
[EventCountry "HUN"]

1. e4 d6 2. d4 Nf6 3. Nc3 g6 4. Nf3 Bg7 5. Be2 O-O 6. h3 Nbd7 7. O-O e5 8. dxe5
Nxe5 9. Nxe5 dxe5 10. Bg5 c6 11. a4 Qc7 12. Bc4 Re8 13. a5 Be6 14. Qe2 Nh5 15.
Bxe6 Rxe6 16. g3 f6 17. Be3 Qf7 18. Rad1 f5 19. Qc4 Re7 20. Qxf7+ Rxf7 21. Kh2
Bf8 22. f3 Nxg3 23. Kxg3 f4+ 24. Bxf4 exf4+ 25. Kf2 Bb4 26. Ra1 Rd8 27. Rfd1
Rxd1 28. Nxd1 Rd7 29. c3 Bxa5 30. Ke2 Bb6 31. b3 Kf7 32. Nb2 a6 33. Ra4 Ke6 34.
Nd3 g5 35. c4 Bd4 36. Ra5 h6 37. h4 Rg7 38. Kf1 Bc3 39. b4 Bd4 40. hxg5 hxg5
41. Kg2 Bf6 42. Rf5 b6 43. Nf2 Rd7 44. Nh3 Ra7 45. Kf1 a5 46. c5 axb4 47. cxb6
Rb7 48. Nxg5+ Bxg5 49. Rxg5 Rxb6 50. Rg2 b3 51. Rb2 Ke5 52. Ke2 Kd4 53. Kd2 c5
54. Kc1 c4 55. e5 c3 56. Re2 b2+ 57. Kb1 Kd3 58. Rh2 Ra6 0-1

[Event "5th Budapest Open"]
[Site "Budapest"]
[Date "2015.08.18"]
[Round "4.19"]
[White "Szlenka, Attila"]
[Black "Zoldy, Robert"]
[Result "1/2-1/2"]
[WhiteElo "1765"]
[BlackElo "1978"]
[PlyCount "86"]
[EventDate "2014.08.15"]
[EventType "swiss"]
[EventRounds "9"]
[EventCountry "HUN"]

1. c4 e5 2. Nc3 Bb4 3. g3 Bxc3 4. dxc3 d6 5. Bg2 Nf6 6. Nf3 O-O 7. O-O Re8 8.
Bg5 h6 9. Bxf6 Qxf6 10. e4 Be6 11. Qe2 Qd8 12. Rad1 Qc8 13. b3 b6 14. Ne1 Bg4
15. f3 Bh3 16. g4 Bxg2 17. Qxg2 a5 18. Nc2 Nc6 19. Ne3 Nd8 20. g5 hxg5 21. Qxg5
Ne6 22. Qg3 Nf4 23. Rd2 Re6 24. Ng4 Rg6 25. Kh1 f5 26. exf5 Qxf5 27. Qh4 e4 28.
Ne3 Qe5 29. Nd5 Nxd5 30. Rxd5 Qf6 31. Qxe4 Rf8 32. Rd4 Rf7 33. Qe1 Re7 34. Re4
Rxe4 35. Qxe4 Kh8 36. Qe3 Qf5 37. Qe8+ Kh7 38. Qe4 Qg5 39. f4 Qg4 40. Qf3 Qf5
41. h3 Rh6 42. Kh2 Rh4 43. Rf2 Rh6 1/2-1/2

[Event "5th Budapest Open"]
[Site "Budapest"]
[Date "2015.08.18"]
[Round "4.20"]
[White "Yip, Michael"]
[Black "Horvath, Aron Balazs"]
[Result "1-0"]
[WhiteElo "1927"]
[BlackElo "1788"]
[PlyCount "33"]
[EventDate "2014.08.15"]
[EventType "swiss"]
[EventRounds "9"]
[EventCountry "HUN"]

1. d4 Nf6 2. c4 g6 3. Nc3 Bg7 4. Nf3 O-O 5. g3 d5 6. cxd5 Nxd5 7. Bg2 c5 8. O-O
Nc6 9. Nxd5 Qxd5 10. dxc5 Qxc5 11. Qa4 Rd8 12. Be3 Qh5 13. Ng5 Bxb2 14. Bf3 Qh6
15. Nxf7 Qf8 16. Nxd8 Qxd8 17. Qb3+ 1-0

[Event "5th Budapest Open"]
[Site "Budapest"]
[Date "2015.08.18"]
[Round "4.21"]
[White "Persanyi, Barnabas"]
[Black "Horvath, Csaba3"]
[Result "1-0"]
[WhiteElo "2064"]
[BlackElo "1823"]
[PlyCount "77"]
[EventDate "2014.08.15"]
[EventType "swiss"]
[EventRounds "9"]
[EventCountry "HUN"]

1. e4 e5 2. Nf3 Nc6 3. Bc4 Bc5 4. c3 Nf6 5. d3 d6 6. Nbd2 O-O 7. Nf1 Bb6 8. Ng3
a6 9. Bb3 Be6 10. O-O h6 11. Qe2 Ne7 12. Nh4 Qd7 13. Be3 g5 14. Nf3 Ng6 15.
Bxb6 cxb6 16. Bxe6 fxe6 17. d4 g4 18. Nd2 Nf4 19. Qe3 h5 20. dxe5 dxe5 21. Ne2
Nh7 22. f3 Qb5 23. Nxf4 exf4 24. Qf2 Qxb2 25. Rab1 Qxc3 26. Rxb6 Qe3 27. Rxb7
Rad8 28. Nc4 Qd4 29. Qxd4 Rxd4 30. Ne5 Rd2 31. fxg4 hxg4 32. Nxg4 Ng5 33. e5
Ne4 34. Re1 Rc8 35. h3 Rcc2 36. Rxe4 Rxg2+ 37. Kf1 Rxa2 38. Rxf4 Rgc2 39. Nh6+
1-0

[Event "5th Budapest Open"]
[Site "Budapest"]
[Date "2015.08.18"]
[Round "4.22"]
[White "Lakatos, Tamas"]
[Black "Palla, Akos Botond"]
[Result "1/2-1/2"]
[WhiteElo "1533"]
[BlackElo "2064"]
[PlyCount "65"]
[EventDate "2014.08.15"]
[EventType "swiss"]
[EventRounds "9"]
[EventCountry "HUN"]

1. e4 c5 2. Nf3 d6 3. Bb5+ Bd7 4. Bxd7+ Qxd7 5. c4 Nc6 6. O-O g6 7. Nc3 Bg7 8.
d3 e6 9. Re1 Nge7 10. Bf4 e5 11. Be3 O-O 12. Bc1 f5 13. a3 Rf7 14. Nd5 Raf8 15.
Ng5 Rf6 16. Nxf6+ Rxf6 17. Nf3 h6 18. Bd2 g5 19. exf5 Qxf5 20. h3 Qxd3 21. Qe2
Rxf3 22. gxf3 Qxe2 23. Rxe2 Nd4 24. Kf1 Nxe2 25. Kxe2 Kf7 26. b4 Ke6 27. Rb1 b6
28. bxc5 dxc5 29. a4 Kd6 30. Rd1 Nf5 31. Bc3+ Nd4+ 32. Bxd4 cxd4 33. Kd3
1/2-1/2

[Event "5th Budapest Open"]
[Site "Budapest"]
[Date "2015.08.18"]
[Round "4.23"]
[White "Csapo, Zoltan"]
[Black "Schatzer, Andras"]
[Result "1-0"]
[WhiteElo "1993"]
[BlackElo "1809"]
[PlyCount "65"]
[EventDate "2014.08.15"]
[EventType "swiss"]
[EventRounds "9"]
[EventCountry "HUN"]

1. e4 c5 2. Nf3 Nc6 3. a3 Nf6 4. Nc3 g6 5. Bc4 Bg7 6. d3 O-O 7. O-O e6 8. Bg5
Qb6 9. Rb1 a5 10. Qd2 Re8 11. Rfe1 d6 12. Nb5 Na7 13. Nxd6 Rf8 14. e5 Nd7 15.
Be7 Nc6 16. Bxf8 Kxf8 17. Bxe6 Ncxe5 18. Nxc8 Qxe6 19. Nxe5 Bxe5 20. f4 Bd4+
21. Kh1 Qg4 22. Nd6 Qh4 23. g3 Qh5 24. Qg2 Rb8 25. c3 Bg7 26. g4 Qh4 27. Qxb7
Qd8 28. Qd5 Qf6 29. g5 Qxf4 30. Rf1 Nb6 31. Qxf7+ Qxf7 32. Rxf7+ Kg8 33. Rb7
1-0

[Event "5th Budapest Open"]
[Site "Budapest"]
[Date "2015.08.18"]
[Round "4.24"]
[White "Lesar, David"]
[Black "Szurkos, Andras"]
[Result "1-0"]
[WhiteElo "1882"]
[BlackElo "1807"]
[PlyCount "105"]
[EventDate "2014.08.15"]
[EventType "swiss"]
[EventRounds "9"]
[EventCountry "HUN"]

1. e4 e5 2. Nf3 Nc6 3. d4 exd4 4. Nxd4 Qh4 5. Nb5 Qxe4+ 6. Be2 Kd8 7. O-O a6 8.
N5c3 Qe6 9. Re1 d6 10. Bxa6 Qg6 11. Bb5 Bd7 12. Nd5 h6 13. Nf4 Qh7 14. Nc3 Nge7
15. Ncd5 g5 16. Nf6 Qf5 17. N4d5 Nxd5 18. Nxd5 Ne7 19. Bxd7 Qxd5 20. Qxd5 Nxd5
21. Re8+ Kxd7 22. Rxa8 Nb4 23. c3 Nd3 24. Kf1 d5 25. Ke2 Ne5 26. Be3 Bg7 27.
Rxh8 Bxh8 28. Bd4 Ng6 29. Bxh8 Nxh8 30. Rd1 Ke6 31. g3 Ng6 32. Re1 Ne5 33. f4
gxf4 34. gxf4 Ng4 35. Kf3+ Kf5 36. h3 Nf6 37. Re5+ Kg6 38. Re7 d4 39. cxd4 Nd5
40. Rd7 Nb4 41. Rxc7 b5 42. a3 Nd3 43. Ke3 Nxb2 44. Rc5 Nc4+ 45. Rxc4 bxc4 46.
a4 Kh5 47. a5 Kh4 48. a6 Kxh3 49. a7 h5 50. a8=Q h4 51. Qg8 c3 52. Kf2 c2 53.
Qg2# 1-0

[Event "5th Budapest Open"]
[Site "Budapest"]
[Date "2015.08.18"]
[Round "4.25"]
[White "Bellan, Istvan"]
[Black "Ronyai, Imre"]
[Result "1-0"]
[WhiteElo "1848"]
[BlackElo "1549"]
[PlyCount "57"]
[EventDate "2014.08.15"]
[EventType "swiss"]
[EventRounds "9"]
[EventCountry "HUN"]

1. e4 c5 2. Nf3 e6 3. d4 cxd4 4. Nxd4 Nf6 5. Nc3 d6 6. Be3 Nc6 7. Be2 Bd7 8.
O-O Nxd4 9. Qxd4 e5 10. Qd3 Bc6 11. Rad1 a6 12. a3 Be7 13. f4 O-O 14. f5 Nd7
15. Bf3 Rc8 16. Qd2 Qc7 17. g4 Rfd8 18. g5 Bf8 19. Qg2 Nb6 20. b3 Bd7 21. Rd2
Qxc3 22. Bxb6 Re8 23. Qf2 Rc6 24. Be3 Rec8 25. Bd1 R6c7 26. Rd3 Qb2 27. g6 fxg6
28. fxg6 Bh3 29. Qh4 1-0

[Event "5th Budapest Open"]
[Site "Budapest"]
[Date "2015.08.18"]
[Round "4.26"]
[White "Rajcsanyi, Peter"]
[Black "Rinyu, Janos"]
[Result "1/2-1/2"]
[WhiteElo "1820"]
[BlackElo "1845"]
[PlyCount "36"]
[EventDate "2014.08.15"]
[EventType "swiss"]
[EventRounds "9"]
[EventCountry "HUN"]

1. e4 b6 2. d4 Bb7 3. Nc3 e6 4. Bd3 c5 5. d5 Nf6 6. Bg5 Be7 7. Bxf6 Bxf6 8. d6
Bxc3+ 9. bxc3 Qf6 10. Ne2 Qe5 11. f3 Qxd6 12. O-O O-O 13. f4 Qc6 14. c4 d5 15.
Ng3 Rd8 16. exd5 exd5 17. Rf2 Na6 18. Qg4 Qf6 1/2-1/2

[Event "5th Budapest Open"]
[Site "Budapest"]
[Date "2015.08.18"]
[Round "4.28"]
[White "Bangha, Otto Peter"]
[Black "Mihaly, Zoltan"]
[Result "0-1"]
[WhiteElo "1427"]
[BlackElo "1774"]
[PlyCount "66"]
[EventDate "2014.08.15"]
[EventType "swiss"]
[EventRounds "9"]
[EventCountry "HUN"]

1. e4 c5 2. Nf3 Nc6 3. d4 cxd4 4. Nxd4 g6 5. c4 Bg7 6. Be3 Qa5+ 7. Nc3 Nf6 8.
f3 Qb6 9. Na4 Qb4+ 10. Bd2 Qd6 11. Nxc6 bxc6 12. Bc3 Qc7 13. Qd2 d6 14. Ba5 Qb8
15. e5 Nd7 16. exd6 Qxd6 17. Qxd6 exd6 18. Rd1 Be5 19. Bc7 Ke7 20. g3 g5 21.
Bg2 Bb7 22. c5 d5 23. Bxe5 Nxe5 24. Kf2 Kf6 25. Rhe1 Ba6 26. Bf1 Bxf1 27. Rxf1
Rab8 28. Rd4 Rb5 29. b4 Nc4 30. Nc3 Rxb4 31. a4 Rb2+ 32. Kg1 Re8 33. Nd1 Rd2
0-1

[Event "5th Budapest Open"]
[Site "Budapest"]
[Date "2015.08.18"]
[Round "4.29"]
[White "Kanizaj, Benjamin"]
[Black "Bolyki, Istvan"]
[Result "1-0"]
[WhiteElo "1662"]
[BlackElo "1394"]
[PlyCount "119"]
[EventDate "2014.08.15"]
[EventType "swiss"]
[EventRounds "9"]
[EventCountry "HUN"]

1. e4 e5 2. Nf3 Nc6 3. d4 exd4 4. Nxd4 Bc5 5. Nb3 Bb6 6. a4 a6 7. Nc3 Qf6 8.
Qd2 Nge7 9. Bd3 Ne5 10. O-O O-O 11. Kh1 d6 12. Qe2 N7g6 13. Nd5 Qh4 14. Nxb6
Ng4 15. h3 cxb6 16. f3 N4e5 17. Be3 f5 18. Bxb6 f4 19. Qf2 Qg5 20. Rfd1 Rf6 21.
Bd8 Be6 22. Bxf6 Qxf6 23. Nd4 Rf8 24. Nxe6 Qxe6 25. Ra3 Rf6 26. Rb3 Qe7 27. Qd4
Nf8 28. Bc4+ Nxc4 29. Qxc4+ Kh8 30. Qc8 Qd7 31. Qxd7 Nxd7 32. Rxb7 Nf8 33. Rb8
g5 34. Rd8 Kg7 35. R1xd6 Rxd6 36. Rxd6 Ng6 37. Rxg6+ Kxg6 38. b4 Kf6 39. b5
axb5 40. axb5 Ke7 41. b6 Kd6 42. c4 Kc6 43. c5 h6 44. e5 Kd7 45. e6+ Kxe6 46.
b7 Kd5 47. b8=Q Kxc5 48. Qd8 Kc6 49. Qd4 Kb5 50. Kg1 Kc6 51. Kf2 Kb5 52. Qc3
Kb6 53. Qc4 Ka7 54. Qb5 Ka8 55. Ke2 Ka7 56. Kd3 Ka8 57. Kd4 Ka7 58. Kc5 Ka8 59.
Kc6 Ka7 60. Qb7# 1-0

[Event "5th Budapest Open"]
[Site "Budapest"]
[Date "2015.08.18"]
[Round "4.30"]
[White "Sulyok, Eszter"]
[Black "Karacsonyi, Kata"]
[Result "0-1"]
[WhiteElo "1324"]
[BlackElo "1461"]
[PlyCount "140"]
[EventDate "2014.08.15"]
[EventType "swiss"]
[EventRounds "9"]
[EventCountry "HUN"]

1. e4 c5 2. Nf3 d6 3. d4 cxd4 4. Nxd4 Nf6 5. Nc3 Nc6 6. Nf3 g6 7. Be3 Bg7 8.
Bc4 Ng4 9. Bd2 Qb6 10. O-O O-O 11. h3 Nge5 12. Bb3 Be6 13. Nd5 Bxd5 14. exd5
Nxf3+ 15. Qxf3 Nd4 16. Qe3 Qb5 17. c4 Qd7 18. Rab1 Nxb3 19. Qxb3 Rac8 20. Qd3
Qa4 21. Qb3 Qxc4 22. Qxb7 Rc7 23. Qb3 Qxb3 24. axb3 Rb8 25. b4 Rc2 26. Be3 Rxb4
27. Ra1 Rcxb2 28. Rxa7 Bd4 29. Rxe7 Kg7 30. Rd7 Be5 31. f4 Bd4 32. Bxd4+ Rxd4
33. Kh2 Rxd5 34. Kg3 Rd3+ 35. Kh2 d5 36. f5 g5 37. f6+ Kg6 38. Rd6 Rdd2 39. Rg1
d4 40. Kh1 Rb3 41. Rf1 Rbd3 42. Kh2 Rd1 43. Rf2 Rc3 44. Rf3 d3 45. Kg3 h5 46.
Rd8 Kh7 47. Rf8 Rc7 48. Rd8 d2 49. Rfd3 h4+ 50. Kg4 Kg6 51. Rxd2 Rxd2 52. Rxd2
Rc4+ 53. Kf3 Rf4+ 54. Ke3 Rxf6 55. Rf2 Rxf2 56. Kxf2 f5 57. Kf3 Kf6 58. g3 Ke5
59. g4 f4 60. Kf2 Ke4 61. Kg2 f3+ 62. Kh1 Kf4 63. Kh2 Ke3 64. Kg1 Ke2 65. Kh1
f2 66. Kh2 f1=R 67. Kg2 Rf3 68. Kg1 Rg3+ 69. Kh1 Kf2 70. Kh2 Ra3 0-1

[Event "5th Budapest Open"]
[Site "Budapest"]
[Date "2015.08.18"]
[Round "4.31"]
[White "Bartok, David Dominik"]
[Black "Gombocz, Ferenc Jr"]
[Result "1/2-1/2"]
[WhiteElo "1610"]
[BlackElo "1637"]
[PlyCount "121"]
[EventDate "2014.08.15"]
[EventType "swiss"]
[EventRounds "9"]
[EventCountry "HUN"]

1. e4 e5 2. Nf3 Nf6 3. Nxe5 d6 4. Nf3 Nxe4 5. d4 d5 6. Bd3 Nc6 7. c3 Be7 8. O-O
O-O 9. Qc2 Nf6 10. Bf4 h6 11. Nbd2 Be6 12. Rfe1 Bd6 13. Bxd6 Qxd6 14. Ne5 Ng4
15. Ndf3 Rfe8 16. h3 Nf6 17. Re3 a6 18. a4 Re7 19. Rae1 Rae8 20. Nh4 Bc8 21.
Nxf7 Kxf7 22. Bg6+ Kf8 23. Bxe8 Kxe8 24. Rxe7+ Nxe7 25. Ng6 Be6 26. Nxe7 Kxe7
27. Qb3 Qb6 28. Qxb6 cxb6 29. b4 Kf7 30. f3 Nh5 31. Ra1 Nf4 32. Kf2 Bd7 33. Ra2
Nd3+ 34. Ke3 Bf5 35. g4 Bh7 36. f4 g5 37. fxg5 hxg5 38. Rd2 Nf4 39. Rf2 Ke7 40.
h4 Nd3 41. Rh2 gxh4 42. Rxh4 Be4 43. Rh6 Nb2 44. g5 Kf7 45. Rh8 Kg6 46. Rg8+
Kf7 47. Rb8 Nxa4 48. Rxb7+ Kg6 49. Kd2 a5 50. bxa5 bxa5 51. Rb5 Kxg5 52. c4 Kf6
53. c5 Ke7 54. Rxa5 Nb2 55. Ra7+ Kd8 56. Ke3 Nd3 57. Kd2 Nb2 58. Kc3 Nd3 59.
Kb3 Nc1+ 60. Kb4 Nd3+ 61. Kc3 1/2-1/2

[Event "5th Budapest Open"]
[Site "Budapest"]
[Date "2015.08.18"]
[Round "4.32"]
[White "Sergyan, Gyula Zoltan"]
[Black "Papp, Andrea"]
[Result "1-0"]
[WhiteElo "1585"]
[BlackElo "1601"]
[PlyCount "55"]
[EventDate "2014.08.15"]
[EventType "swiss"]
[EventRounds "9"]
[EventCountry "HUN"]

1. e4 c5 2. Nc3 Nc6 3. f4 e6 4. Nf3 d6 5. Bb5 a6 6. Bxc6+ bxc6 7. O-O d5 8. d4
dxe4 9. Nxe4 cxd4 10. Nxd4 Qc7 11. f5 e5 12. Qe2 Be7 13. f6 Nxf6 14. Nf5 Bxf5
15. Rxf5 O-O 16. Nxf6+ Bxf6 17. Qg4 Qd7 18. Be3 g6 19. Raf1 Bg7 20. Rg5 f5 21.
Qc4+ Qd5 22. Qe2 Bf6 23. Rfxf5 Bxg5 24. Rxf8+ Rxf8 25. Bxg5 Qd4+ 26. Be3 Qe4
27. h3 Kg7 28. Bh6+ 1-0

[Event "5th Budapest Open"]
[Site "Budapest"]
[Date "2015.08.19"]
[Round "5.1"]
[White "Meszaros, Andras"]
[Black "Erdos, Boglarka"]
[Result "1/2-1/2"]
[WhiteElo "2246"]
[BlackElo "2175"]
[PlyCount "76"]
[EventDate "2014.08.15"]
[EventType "swiss"]
[EventRounds "9"]
[EventCountry "HUN"]

1. e4 c5 2. Nc3 a6 3. Nf3 b5 4. a4 b4 5. Nb1 d5 6. exd5 Qxd5 7. d4 e6 8. c4 Qd8
9. Be2 Bb7 10. O-O Nf6 11. Be3 Nbd7 12. Nbd2 Be7 13. Nb3 O-O 14. Ne5 Qc7 15.
Bf4 Bd6 16. Nxd7 Bxf4 17. Nxf6+ gxf6 18. Nxc5 Bxh2+ 19. Kh1 Bc6 20. Bd3 Bd6 21.
Ne4 Bxe4 22. Bxe4 Rad8 23. Qe2 f5 24. Bf3 Qe7 25. g3 a5 26. c5 Bb8 27. d5 Qxc5
28. dxe6 fxe6 29. Qxe6+ Kh8 30. Rac1 Qe5 31. Qxe5+ Bxe5 32. b3 Rd3 33. Bd1 Bc3
34. Rc2 f4 35. Be2 Rd4 36. Kg2 fxg3 37. fxg3 Rxf1 38. Bxf1 Rd2+ 1/2-1/2

[Event "5th Budapest Open"]
[Site "Budapest"]
[Date "2015.08.19"]
[Round "5.2"]
[White "Boguszlavszkij, Jevgenyij"]
[Black "Kokeny, Norbert Adrian"]
[Result "1-0"]
[WhiteElo "2199"]
[BlackElo "2123"]
[PlyCount "93"]
[EventDate "2014.08.15"]
[EventType "swiss"]
[EventRounds "9"]
[EventCountry "HUN"]

1. Nf3 d5 2. g3 Nf6 3. Bg2 Bf5 4. O-O e6 5. Nh4 Bg4 6. h3 Bh5 7. d4 Nbd7 8. c4
c6 9. Nc3 Bd6 10. c5 Bc7 11. b4 e5 12. dxe5 Bxe5 13. Bb2 a5 14. a3 O-O 15. f4
axb4 16. axb4 Rxa1 17. Bxa1 Bb8 18. Qd4 Ne8 19. e4 dxe4 20. Nxe4 f5 21. Ng5 Qe7
22. Nhf3 Bxf3 23. Nxf3 Nef6 24. Re1 Qf7 25. Bf1 Qg6 26. Kh2 Ne4 27. Bc4+ Kh8
28. Rg1 Ndf6 29. Ne5 Bxe5 30. fxe5 Nh5 31. e6 Nexg3 32. Qd6 Ra8 33. e7 Re8 34.
Qxg6 hxg6 35. Be5 f4 36. Bd6 Nf5 37. Bf7 Rxe7 38. Bxe7 Nxe7 39. Re1 Nd5 40.
Bxg6 Nhf6 41. Ra1 Ng8 42. Ra8 Nde7 43. Bf7 Kh7 44. Bxg8+ Nxg8 45. Rb8 Nf6 46.
Rxb7 Kg6 47. b5 1-0

[Event "5th Budapest Open"]
[Site "Budapest"]
[Date "2015.08.19"]
[Round "5.3"]
[White "Gumanny, Evgeny"]
[Black "Polyik, Peter"]
[Result "1/2-1/2"]
[WhiteElo "2093"]
[BlackElo "2178"]
[PlyCount "27"]
[EventDate "2014.08.15"]
[EventType "swiss"]
[EventRounds "9"]
[EventCountry "HUN"]

1. d4 d5 2. Nf3 Nf6 3. c4 e6 4. Bg5 dxc4 5. Qa4+ Nbd7 6. Nc3 a6 7. Qxc4 b5 8.
Qd3 Bb7 9. e3 Be7 10. Be2 O-O 11. O-O c5 12. Rfd1 Rc8 13. dxc5 Nxc5 14. Qxd8
1/2-1/2

[Event "5th Budapest Open"]
[Site "Budapest"]
[Date "2015.08.19"]
[Round "5.4"]
[White "Markos, Adam"]
[Black "Kovacs, Istvan"]
[Result "1/2-1/2"]
[WhiteElo "2164"]
[BlackElo "2147"]
[PlyCount "29"]
[EventDate "2014.08.15"]
[EventType "swiss"]
[EventRounds "9"]
[EventCountry "HUN"]

1. e4 e6 2. d4 d5 3. exd5 exd5 4. Bd3 Bd6 5. Nc3 c6 6. Qf3 Qf6 7. Qxf6 Nxf6 8.
Bg5 Nbd7 9. Nf3 O-O 10. O-O Re8 11. Rfe1 h6 12. Bh4 Kf8 13. Rxe8+ Kxe8 14. Re1+
Kf8 15. Bg3 1/2-1/2

[Event "5th Budapest Open"]
[Site "Budapest"]
[Date "2015.08.19"]
[Round "5.5"]
[White "Vargyas, Zoltan"]
[Black "Brustkern, Juergen"]
[Result "1-0"]
[WhiteElo "2089"]
[BlackElo "2236"]
[PlyCount "37"]
[EventDate "2014.08.15"]
[EventType "swiss"]
[EventRounds "9"]
[EventCountry "HUN"]

1. e4 d5 2. exd5 Qxd5 3. Nc3 Qd6 4. d4 Nf6 5. Nf3 a6 6. Be3 b5 7. a4 b4 8. Nb1
Nd5 9. Nbd2 Nxe3 10. fxe3 Nd7 11. Bd3 Qh6 12. O-O Qxe3+ 13. Kh1 Bb7 14. Nc4 Qh6
15. Qe1 e6 16. Be4 c6 17. Nfe5 f6 18. Nxc6 Rc8 19. Bg6+ 1-0

[Event "5th Budapest Open"]
[Site "Budapest"]
[Date "2015.08.19"]
[Round "5.6"]
[White "Balogh, Lajos"]
[Black "Bulthaupt, Freerk dr"]
[Result "0-1"]
[WhiteElo "2018"]
[BlackElo "2176"]
[PlyCount "60"]
[EventDate "2014.08.15"]
[EventType "swiss"]
[EventRounds "9"]
[EventCountry "HUN"]

1. Nf3 f5 2. c4 Nf6 3. Nc3 e6 4. g3 d6 5. Bg2 Be7 6. O-O O-O 7. b4 Qe8 8. Qb3
c6 9. d3 Kh8 10. e4 e5 11. Re1 fxe4 12. Nxe4 Nxe4 13. dxe4 Qh5 14. h4 h6 15.
Bb2 Be6 16. Rac1 Nd7 17. Qc3 c5 18. a3 Rf7 19. Rf1 Raf8 20. Ne1 g5 21. hxg5
hxg5 22. f3 Rh7 23. Kf2 g4 24. f4 Kg8 25. Rh1 Qf7 26. Nd3 Rxh1 27. Bxh1 b5 28.
bxc5 bxc4 29. cxd6 Bxd6 30. Nb4 Bc5+ 0-1

[Event "5th Budapest Open"]
[Site "Budapest"]
[Date "2015.08.19"]
[Round "5.7"]
[White "Blazquez Criado, Sergio"]
[Black "Kormos, Adam"]
[Result "0-1"]
[WhiteElo "1882"]
[BlackElo "2109"]
[PlyCount "70"]
[EventDate "2014.08.15"]
[EventType "swiss"]
[EventRounds "9"]
[EventCountry "HUN"]

1. e4 g6 2. d4 Bg7 3. Nc3 d6 4. Be3 Nf6 5. f3 a6 6. Qd2 b5 7. h4 h5 8. Nh3 Nbd7
9. Nf2 e5 10. d5 Nb6 11. Bd3 b4 12. Ne2 a5 13. a3 Rb8 14. axb4 axb4 15. Qxb4
Nbxd5 16. Qxb8 Nxe3 17. Ra8 Nxg2+ 18. Kd1 O-O 19. Ba6 Qd7 20. Bxc8 Qc6 21. Qb3
Qxa8 22. Bh3 Bh6 23. Nd3 Ne3+ 24. Ke1 Rb8 25. Qc3 Qa1+ 26. Nec1 Qb1 27. Kf2
Qxc2+ 28. Qxc2 Nxc2 29. Ne2 Nb4 30. Nxb4 Rxb4 31. Rb1 Rb3 32. Bf1 d5 33. Nc3
dxe4 34. fxe4 Bd2 35. Nd5 Nxe4+ 0-1

[Event "5th Budapest Open"]
[Site "Budapest"]
[Date "2015.05.09"]
[Round "5.8"]
[White "Heyl, Thomas"]
[Black "Farago, Sandor"]
[Result "0-1"]
[WhiteElo "1986"]
[BlackElo "1986"]
[PlyCount "92"]
[EventDate "2014.08.15"]
[EventType "swiss"]
[EventRounds "9"]
[EventCountry "HUN"]

1. c4 c5 2. g3 Nc6 3. Bg2 g6 4. Nc3 Bg7 5. d3 e6 6. e4 Nge7 7. Nge2 Nd4 8. O-O
O-O 9. f4 f5 10. Kh1 a6 11. Be3 Rb8 12. Bg1 d6 13. Qd2 Nec6 14. Nxd4 cxd4 15.
Ne2 e5 16. Rac1 fxe4 17. dxe4 Be6 18. b4 Qb6 19. a3 a5 20. c5 dxc5 21. bxc5 Qb3
22. Rf3 Qa4 23. Qd3 Rbd8 24. h3 Bh6 25. Bf2 Rf7 26. Be1 Rdf8 27. Bd2 Bd7 28.
Qb3 Qxb3 29. Rxb3 Be6 30. Rd3 Bg7 31. Rc2 a4 32. Nc1 Ra8 33. Rf3 Na5 34. Bxa5
Rxa5 35. Nd3 Rb5 36. Rb2 Rb3 37. Rxb3 axb3 38. fxe5 Rxf3 39. Bxf3 Bh6 40. Bd1
Bd2 41. Kg2 Bc3 42. Nf4 b2 43. Bc2 Ba2 44. Nd5 b1=Q 45. Bxb1 Bxb1 46. c6 Bxe4+
0-1

[Event "5th Budapest Open"]
[Site "Budapest"]
[Date "2015.08.19"]
[Round "5.9"]
[White "Geher, Laszlo"]
[Black "Juhasz, Bela"]
[Result "1/2-1/2"]
[WhiteElo "1851"]
[BlackElo "1851"]
[PlyCount "23"]
[EventDate "2014.08.15"]
[EventType "swiss"]
[EventRounds "9"]
[EventCountry "HUN"]

1. e4 c5 2. Nf3 e6 3. d4 cxd4 4. Nxd4 a6 5. Nc3 Qc7 6. Bd3 Nf6 7. O-O d6 8. Be3
Be7 9. f4 O-O 10. Kh1 b5 11. e5 Ne8 12. Qh5 1/2-1/2

[Event "5th Budapest Open"]
[Site "Budapest"]
[Date "2015.05.10"]
[Round "5.10"]
[White "Karacsonyi, Gellert"]
[Black "Kozma, Gabor"]
[Result "1-0"]
[WhiteElo "213"]
[BlackElo "213"]
[PlyCount "81"]
[EventDate "2014.08.15"]
[EventType "swiss"]
[EventRounds "9"]
[EventCountry "HUN"]

1. e4 c5 2. Nf3 d6 3. d4 cxd4 4. Nxd4 Nf6 5. Nc3 a6 6. Bc4 e6 7. Bb3 Be7 8. O-O
O-O 9. f4 Qc7 10. Re1 Nc6 11. Nf3 b5 12. a3 Bb7 13. f5 e5 14. Bg5 Na5 15. Bxf6
Bxf6 16. Bd5 Rac8 17. Bxb7 Nxb7 18. Rc1 Bd8 19. Nd5 Qc5+ 20. Kh1 a5 21. Qd2 f6
22. g4 Rf7 23. g5 fxg5 24. Nxg5 Bxg5 25. Qxg5 Kf8 26. Qh4 h6 27. f6 gxf6 28.
Qxh6+ Ke8 29. Rg1 Kd7 30. Rg7 Rcf8 31. Qxf6 Nd8 32. Rf1 Kc8 33. Ne7+ Kb7 34.
Nf5 Ka6 35. Rxf7 Rxf7 36. Qxd8 Qc6 37. Kg1 Qxe4 38. Qxd6+ Kb7 39. Qg6 Rd7 40.
Nd6+ Rxd6 41. Qxe4+ 1-0

[Event "5th Budapest Open"]
[Site "Budapest"]
[Date "2015.08.19"]
[Round "5.11"]
[White "Trajber, Csaba dr"]
[Black "Yip, Michael"]
[Result "1/2-1/2"]
[WhiteElo "2056"]
[BlackElo "2056"]
[PlyCount "105"]
[EventDate "2014.08.15"]
[EventType "swiss"]
[EventRounds "9"]
[EventCountry "HUN"]

1. e4 d5 2. exd5 Qxd5 3. Nc3 Qd6 4. d4 Nf6 5. Nf3 g6 6. Bc4 Bg7 7. Ne5 O-O 8.
Be3 c6 9. Bb3 Nbd7 10. f4 Nb6 11. Qf3 Nbd5 12. Bf2 Nxc3 13. bxc3 Be6 14. O-O
Bd5 15. Qe3 Bxb3 16. axb3 a6 17. c4 Rad8 18. Rad1 e6 19. Bh4 Rc8 20. Rd3 Rfe8
21. g4 Qc7 22. Qf2 Nd7 23. c5 Nf6 24. Bxf6 Bxf6 25. g5 Bg7 26. Qh4 Qd8 27. c3
h5 28. Nc4 Rc7 29. Rfd1 Ree7 30. Nd6 Red7 31. Qg3 Bf8 32. Ne4 Bg7 33. Re1 Rc8
34. Nd6 Rxd6 35. cxd6 Qxd6 36. Red1 Rd8 37. Qe3 Qd5 38. c4 Qf5 39. h3 Qa5 40.
Kg2 Qf5 41. Qd2 Bf8 42. d5 cxd5 43. cxd5 exd5 44. Qe3 Bg7 45. Rc1 d4 46. Qf3
Re8 47. Rc7 Re4 48. Qg3 h4 49. Qg4 Rxf4 50. Qxf5 Rxf5 51. Rf3 Rxg5+ 52. Kf2 Rb5
53. Rfxf7 1/2-1/2